| 000 | 00649nam a2200241Ia 4500 | ||
|---|---|---|---|
| 003 | OSt | ||
| 005 | 20221005022516.0 | ||
| 006 | a|||||r|||| 00| 0 | ||
| 007 | ta | ||
| 008 | 221004b |||||||| |||| 00| 0 urd d | ||
| 024 | _a30579 | ||
| 037 | _cTextual | ||
| 040 |
_aCRL _cCRL _burd |
||
| 041 |
_2urd _aurd |
||
| 082 | _aO168,3N21,1, H7 | ||
| 100 | _aBalwant Singh Au. | ||
| 245 | 0 | _aHindustan hamara hai | |
| 260 |
_aAllahabad _bSangam publishing house India _c1947 |
||
| 300 |
_a216p. _ccm. |
||
| 650 |
_aURDU FICTION _93298 |
||
| 942 |
_hO168,3N21,1, H7 _cTEXL _2cc |
||
| 999 |
_c929522 _d929522 |
||